ARRUPE JESUIT UNIVERSITY

CORONAVIRUS -STOP THE SPREAD - CLEAN,DISINFECT,COVER

Becoming an African university : (Record no. 127671)

MARC details
000 -LEADER
fixed length control field 01132cam a2200313 a 4500
001 - CONTROL NUMBER
control field 14845245
003 - CONTROL NUMBER IDENTIFIER
control field ARRUPE
005 - DATE AND TIME OF LATEST TRANSACTION
control field 20180315142842.0
008 - FIXED-LENGTH DATA ELEMENTS--GENERAL INFORMATION
fixed length control field 070510s2006 ug a b 001 0 eng
010 ## - LIBRARY OF CONGRESS CONTROL NUMBER
LC control number 2007383311
020 ## - INTERNATIONAL STANDARD BOOK NUMBER
International Standard Book Number 9970025651
020 ## - INTERNATIONAL STANDARD BOOK NUMBER
International Standard Book Number 9789970025657
040 ## - CATALOGING SOURCE
Original cataloging agency DLC
Transcribing agency DLC
Modifying agency DLC
042 ## - AUTHENTICATION CODE
Authentication code lcode
043 ## - GEOGRAPHIC AREA CODE
Geographic area code f-ug---
050 00 - LIBRARY OF CONGRESS CALL NUMBER
Classification number LG421.K35
Item number S53 2006
082 00 - DEWEY DECIMAL CLASSIFICATION NUMBER
Classification number 378.6761
Edition number 22
300 ## - PHYSICAL DESCRIPTION
Other physical details ill. ;
Dimensions 23 cm.
100 1# - MAIN ENTRY--PERSONAL NAME
Personal name Sicherman, Carol.
9 (RLIN) 40700
245 10 - TITLE STATEMENT
Title Becoming an African university :
Remainder of title Makerere, 1922-2000 /
Statement of responsibility, etc Carol Sicherman.
250 ## - EDITION STATEMENT
Edition statement Fountain ed.
260 ## - PUBLICATION, DISTRIBUTION, ETC. (IMPRINT)
Place of publication, distribution, etc Asmara :
Name of publisher, distributor, etc Africa World Press,
Date of publication, distribution, etc 2005.
300 ## - PHYSICAL DESCRIPTION
Extent xxii, 416 p. :
504 ## - BIBLIOGRAPHY, ETC. NOTE
Bibliography, etc Includes bibliographical references (p. [347]-390) and index.
610 20 - SUBJECT ADDED ENTRY--CORPORATE NAME
Corporate name or jurisdiction name as entry element Makerere University
General subdivision History.
9 (RLIN) 40701
650 #0 - SUBJECT ADDED ENTRY--TOPICAL TERM
Topical term or geographic name as entry element Education, Higher
Geographic subdivision Uganda
General subdivision History.
9 (RLIN) 40702
856 41 - ELECTRONIC LOCATION AND ACCESS
Materials specified Table of contents only
Uniform Resource Identifier <a href="http://www.loc.gov/catdir/toc/fy0803/2007383311.html">http://www.loc.gov/catdir/toc/fy0803/2007383311.html</a>
906 ## - LOCAL DATA ELEMENT F, LDF (RLIN)
a 7
b cbc
c origode
d 2
e ncip
f 20
g y-gencatlg
942 ## - ADDED ENTRY ELEMENTS (KOHA)
Source of classification or shelving scheme Library of Congress Classification
Koha item type Monograph ( Printed materials)
Holdings
Withdrawn status Lost status Source of classification or shelving scheme Damaged status Not for loan Collection code Home library Current library Shelving location Date acquired Total Checkouts Full call number Barcode Date last seen Price effective from Koha item type
    Library of Congress Classification     Main Collection ARRUPE LIBRARY ARRUPE LIBRARY Main Collection 15/03/2018   LG421.K35 S53 2006 46600000189 15/03/2018 15/03/2018 Monograph ( Printed materials)

 

Arrupe Library. PO Box MP320 Mt Pleasant, Harare, Zimbabwe
263 242 745411|librarian@aju.ac.zw